| 000 | 00938nam a2200229 i 4500 | ||
|---|---|---|---|
| 001 | 183079 | ||
| 003 | ES-MaACL | ||
| 005 | 20231030135429.0 | ||
| 008 | 140115s2010 sp | |||||||| | spa d | ||
| 020 | _a978-84-96920-61-3 (o.c.) | ||
| 080 | _a821.134.2-82"18" | ||
| 100 | 1 |
_aBarrett, Rafael, _d1876-1910 _925962 |
|
| 245 | 1 | 0 |
_aObras completas / _cRafael Barrett ; [edición dirigida por Francisco Corral]. |
| 260 |
_aSantander : _bTantín, _c2010. |
||
| 300 |
_a2 v. ; _c20 cm. |
||
| 505 | 8 | _at. 1. Moralidades actuales ; El dolor paraguayo ; Lo que son los yerbales ... (813 p.) -- t. 2. Mirando vivir (2) ; Al margen ; Epifonemas ... (724 p.) | |
| 700 | 1 |
_aCorral Sánchez-Cabezudo, Francisco. _9154194 |
|
| 852 |
_aES-MaACL _jA-13029 _pv.1 _9190013 _bR.149911 _cDEPO1 _dOlim: N-6029 |
||
| 852 |
_aES-MaACL _jA-13030 _pv.2 _9200715 _bR.149911 _cDEPO1 _dOlim: N-6030 |
||
| 942 |
_2udc _cMONOGRAFIA |
||
| 999 |
_c183079 _d183079 |
||